LIBRARY & INFORMATION CENTRE, KCAET, TAVANUR

ONLINE PUBLIC ACCESS CATALOGUE (OPAC)

Windows 3.1 / (Record no. 6606)

MARC details
000 -LEADER
fixed length control field 00453cam a2200181ua 4500
020 ## - INTERNATIONAL STANDARD BOOK NUMBER
ISBN 81-86011-51-X
041 ## - LANGUAGE CODE
Language code of text/sound track or separate title eng
082 ## - DEWEY DECIMAL CLASSIFICATION NUMBER
Classification number 005.43 WIN
Item number BAU/WIN
100 ## - MAIN ENTRY--AUTHOR NAME
Personal name Baumgart, Katharina .
245 ## - TITLE STATEMENT
Title Windows 3.1 /
250 ## - EDITION STATEMENT
Edition statement 1 /
260 ## - PUBLICATION, DISTRIBUTION, ETC. (IMPRINT)
Place of publication New Delhi :
Name of publisher Galgotia Publications ,
Year of publication 1993.
300 ## - PHYSICAL DESCRIPTION
Number of Pages 214 ; .
500 ## - GENERAL NOTE
General note 18977 Scheme
942 ## - ADDED ENTRY ELEMENTS (KOHA)
Koha item type Books
Holdings
Withdrawn status Lost status Damaged status Home library Current library Date acquired Full call number Accession Number Koha item type
Withdrawn   Damaged KAUAET KAUAET 07/04/2012 005.43 WIN 18977 Books
free website counter